Представление документа в формате RUSMARC

ПолеНазваниеЗначение
  Тип записи a
  Библиографический уровень a
001 Контрольный номер RU/УОНБ/EK_Kray/587818713
005 Дата корректировки 20240131004848.8
100 Данные общей обработки __
a Данные общей обработки 20180817d2018 ||| 0rusy0189 ca
101 Язык документа 0_
a Язык текста rus
102 Страна публикации __
a Страна публикации RU
105 Кодированные данные (монография) __
a Кодированные данные (монография) y###||||000|y
200 Заглавие и сведения об ответственности 1_
a Заглавие Симбиряне, знавшие М. Ю. Лермонтова
f Первые сведения об ответственности Сергей Борисович Петров
215 Физическое описание __
c Иллюстрации/тип воспроизводства фот
330 Аннотация __
a Аннотация Современники поэта М. Ю. Лермонтова, связанные с Симбирским краем своим происхождением, службой, длительным пребыванием, землевладением и др. собственностью.
461 Уровень набора _0
1 001RU/УОНБ/EK/432749072
1 2001
a Симбирскъ
e лит. журн.
v № 3 (57)
1 2101
a Ульяновск
c МедиаЦентр
d 2018
463 Уровень физической единицы _0
1 001RU/УОНБ/EK/576164515
1 2000
a № 3 (57)
v С. 4-8.
600 Персоналии _1
a Персоналии (Фамилия) Лермонтов, Михаил Юрьевич
600 Персоналии _1
a Персоналии (Фамилия) Столыпин, Алексей Емельянович
600 Персоналии _1
a Персоналии (Фамилия) Столыпин, Афанасий Алексеевич
600 Персоналии _1
a Персоналии (Фамилия) Столыпина, Екатерина Александровна
600 Персоналии _1
a Персоналии (Фамилия) Столыпины
600 Персоналии _1
a Персоналии (Фамилия) Мещеринов, Петр Афанасьевич
600 Персоналии _1
a Персоналии (Фамилия) Карамзины
600 Персоналии _1
a Персоналии (Фамилия) Карамзин, Николай Михайлович
600 Персоналии _1
a Персоналии (Фамилия) Соллогуб, Владимир Александрович
600 Персоналии _1
a Персоналии (Фамилия) Гончаров, Иван Александрович
600 Персоналии _1
a Персоналии (Фамилия) Ознобишин, Дмитрий Петрович
600 Персоналии _1
a Персоналии (Фамилия) Языковы
600 Персоналии _1
a Персоналии (Фамилия) Тургенев, Александр Иванович
610 Ключевые слова 0_
a Ключевые слова русские поэты 19 в.
610 Ключевые слова 0_
a Ключевые слова симбиряне
610 Ключевые слова 0_
a Ключевые слова землевладения
610 Ключевые слова 0_
a Ключевые слова литературные связи
686 Индексы других классификаций __
a Классификационный индекс 83.3-8
2 Код системы rubbk
700 Автор _1
a Фамилия Петров
b Имя (инициалы) С. Б.
g Полное личное имя Сергей Борисович
4 Код отношения 070
801 Источник записи _0
a Страна RU
b Организация Ульяновская ОНБ
c Дата составления 20180817
g Правила каталогизации RCR
801 Источник записи _1
a Страна RU
b Организация Ульяновская ОНБ
c Дата составления 20180817
g Правила каталогизации RCR
901 Тип документа __
t Тип документа c
w Контрольный № источника RU/УОНБ/EK/576164515
909 Создатель записи __
a Создатель записи Морозова Н.А.
938 Служебная информация __
a Имя БД kraeved_work
b Имя библиотеки УОНБ
c Имя АИБС МАРК-SQL
d Номер DOC_ID в БД 133059